| 000 | 00000nam 2200000za 4500 |
| 001 | 9.802448 |
| 003 | CaOODSP |
| 005 | 20221107135008 |
| 007 | cr ||||||||||| |
| 008 | 150729s2014 onc oz f000 0 fre d |
| 020 | |a978-0-660-03126-2 |
| 040 | |aCaOODSP|bfre |
| 041 | |afre|aeng |
| 043 | |an-cn--- |
| 086 | 1 |aFR4-2014/1-PDF |
| 245 | 00|aIndex - recueil des traités du Canada (RTC) |h[ressource électronique] : |btraités bilatéraux - 2014, traités multilatéraux - 2014 = Index - Canada treaty series (CTS) : bilateral treaties - 2014, multilateral treaties - 2014 |
| 246 | 31|aIndex - Canada treaty series (CTS) : |bbilateral treaties - 2014, multilateral treaties - 2014 |
| 246 | 35|aIndex - Canada treaty series (CTS) : |bbilateral treaties - 2014, multilateral treaties - 2014 = Index - recueil des traités du Canada (RTC) : traités bilatéraux - 2014, traités multilatéraux - 2014 |
| 260 | |a[Ottawa] : |bAffaires étrangères, Commerce et Développement Canada, |cc2014. |
| 300 | |a[24] p. (en pagination multiple) |
| 490 | 1 |aRecueil des traités = Treaty series ; |v2014/1 |
| 546 | |aTexte en français et en anglais. |
| 692 | 07|2gccst|aAccord international |
| 692 | 07|2gccst|aAccord multilatéral |
| 692 | 07|2gccst|aIndex |
| 710 | 1 |aCanada.|bAffaires étrangères, Commerce et Développement Canada. |
| 791 | |tIndex - Canada treaty series (CTS) |eeng|w(CaOODSP)9.802447 |
| 830 | #0|aRecueil des traités = Treaty series ;|v2014/1|w(CaOODSP)9.811738 |
| 856 | 40|qPDF|s779 Ko|uhttps://publications.gc.ca/collections/collection_2015/maecd-dfatd/FR4-2014-1.pdf |